Gaming Quiz

Random Gaming or Video Games Quiz

Street Fighter Characters Quiz Stats

 Plays Quiz Updated Nov 26, 2018

Support Sporcle.
Go Orange.
Score 0/99 Timer 10:00
9 Plays Today
First Appearance Character % Correct
Street FighterRyu
95.1%
Street FighterKen
93.2%
Street Fighter IV SeriesEvil Ryu
92.7%
Street Fighter IIChun-Li
82.3%
Street Fighter VG
81.9%
Street Fighter IIBlanka
77.1%
Street Fighter IIM. Bison
76.4%
Street Fighter IIGuile
76.3%
Street Fighter IIVega
74%
Street Fighter IIE. Honda
71.3%
Street FighterSagat
67.1%
Street Fighter IIBalrog
66.9%
Street Fighter IIDhalsim
66.2%
Street Fighter IIZangief
65.6%
Super Street Fighter II SeriesCammy
62.7%
Super Street Fighter II SeriesAkuma
58.9%
Super Street Fighter II SeriesT. Hawk
48%
Super Street Fighter II SeriesDee Jay
47.2%
Street Fighter IV SeriesPoison
46%
Street Fighter Alpha SeriesDan
45.5%
Super Street Fighter II SeriesFei Long
45.3%
Street Fighter Alpha SeriesSakura
44.7%
Street Fighter EX SeriesBison II and Shin-Bison
42.5%
Street Fighter VLaura
41.7%
Street Fighter VF.A.N.G.
40.6%
Street FighterGen
40.4%
Street Fighter Alpha SeriesCharlie
40.1%
Street Fighter Alpha SeriesGuy
39.6%
Street Fighter Alpha SeriesRose
39.3%
Street Fighter IV SeriesOni
38%
Street Fighter VRashid
37.6%
Street FighterBirdie
37.5%
Street Fighter Alpha SeriesCody
37.5%
First Appearance Character % Correct
Street Fighter IV SeriesSeth
37.1%
Street FighterAdon
35.8%
Street Fighter IV SeriesC. Viper
35.3%
Street Fighter IV SeriesDecapre
34.8%
Street Fighter VAbigail
34.8%
Street Fighter VNecalli
34.3%
Street Fighter VKage
33.9%
Street Fighter IV SeriesAbel
33.6%
Street Fighter VEd
33.5%
Street Fighter III SeriesIbuki
33.3%
Street Fighter III SeriesAlex
33.1%
Street Fighter III SeriesYun
33.1%
Street Fighter III SeriesYang
32.9%
Street Fighter III SeriesDudley
32.7%
Street Fighter IV SeriesGouken
32.4%
Street Fighter IV SeriesRufus
32.1%
Street Fighter III SeriesHugo
31.8%
Street Fighter III SeriesQ
31.7%
Street Fighter IV SeriesEl Fuerte
31.1%
Street Fighter VLucia
30.9%
Street Fighter VMenat
30.5%
Street Fighter III SeriesMakoto
30.2%
Street Fighter Alpha SeriesRolento
29.7%
Street Fighter III SeriesSean
29.7%
Street Fighter III SeriesGill
29.5%
Street Fighter VKolin
29.5%
Street Fighter Alpha SeriesR. Mika
29.2%
Street Fighter VFalke
28.6%
Street Fighter III SeriesUrien
28.4%
Street Fighter III SeriesElena
28.3%
Street Fighter III SeriesOro
28.1%
Street Fighter Alpha SeriesKarin
28%
Street Fighter Alpha SeriesSodom
27.7%
First Appearance Character % Correct
Street Fighter III SeriesTwelve
27.6%
Street Fighter VZeku
27.2%
Street FighterEagle
26.6%
Street Fighter IV SeriesJuri
25.9%
Street Fighter Alpha SeriesJuli
25.5%
Street FighterMike
25.3%
Street Fighter III SeriesNecro
25.2%
Street Fighter Alpha SeriesJuni
25.1%
Street Fighter III SeriesRemy
24.4%
Street Fighter EX SeriesSkullomania
22.5%
Street FighterJoe
22%
Street FighterLee
21.7%
Street Fighter IV SeriesHakan
21.5%
Street FighterGeki
19.2%
Street FighterRetsu
18.1%
Street Fighter EX SeriesD. Dark
15.9%
Street Fighter EX SeriesC. Jack
14.1%
Street Fighter EX SeriesGaruda
13.4%
Street Fighter EX SeriesPullum
13.1%
Street Fighter EX SeriesKairi
12.3%
Street Fighter EX SeriesHokuto and Bloody Hokuto
12.1%
Street Fighter EX SeriesDarun
12.1%
Street Fighter EX SeriesAllen
11.6%
Street Fighter EX SeriesBlair
11.5%
Street Fighter EX SeriesArea
11.3%
Street Fighter EX SeriesAce
10.5%
Street Fighter EX SeriesCycloid-β
9.8%
Street Fighter EX SeriesShadowgeist
9.6%
Street Fighter EX SeriesSharon
9.5%
Street Fighter EX SeriesCycloid-γ
9.5%
Street Fighter EX SeriesV. Rosso
9.4%
Street Fighter EX SeriesNanase
9.3%
Street Fighter EX SeriesHayate
8.6%

From the Vault

MLB Home Run Leaders (1990s)

by ironsij0287

Sports 7m
So yeah, maybe a lot of these guys were juiced, but it sure was fun to watch.
Remove Ads.
Support Sporcle.
Get the best of Sporcle when you Go Orange. This ad-free experience offers more features, more stats, and more fun while also helping to support Sporcle. Thank you for becoming a member.

Show Comments

Extras

Top Quizzes Today


Score Distribution

Your Account Isn't Verified!

In order to create a playlist on Sporcle, you need to verify the email address you used during registration. Go to your Sporcle Settings to finish the process.

Report this User

Report this user for behavior that violates our Community Guidelines.

Details: